000 00609nam a22001577a 4500
999 _c13847
_d13847
008 190425b ||||| |||| 00| 0 eng d
082 _22014
_aUT 1235
_bSa74
100 _aSarno, Jonel Mark D.
_938514
245 _aPNP patrol force services and drug related crimes in the municipality of Kiblawan, Davao del sur /
_cJonel Mark D. Sarno, JOhnrel O. Alfanta, and Kin R. Lambino.
260 _aDigos City:
_bUMDC
_cJuly 2014.
300 _a49 pages;
_c29 cm.
650 _vCriminology
_xUndergraduate thesis.
_938515
700 _aAlfanta, Johnrel O.
_938516
700 _aLambino, Kin R.
_938517
942 _2ddc
_cUT